Klick das Ende vom Serien-Namen - Statistiken

Allgemein
  • Dieses Quiz wurde 156 mal gespielt
  • Das Durchschnittsergebnis liegt bei 14 aus 16
Antwortstatistiken
Hint Antwort % Korrekt
Game of Thrones
100%
Grey‘s Anatomy
99%
The Walking Dead
99%
Prison Break
98%
Big Bang Theory
98%
Breaking Bad
96%
Stranger Things
96%
House of Cards
94%
Sex Education
90%
Peaky Blinders
85%
Better Call Saul
78%
Money Heist
74%
Narcos Mexico
68%
Balck Mirror
61%
Twin Peaks
60%
True Detective
59%
Keine übereinstimmenden Quizze gefunden
Verteilung der Resultate
Anzahl Personen mit jedem Resultat
Perzentil nach korrekt beantworteten Fragen
Ihre Resultats-Entwicklung
Sie haben dieses Quiz noch nicht gespielt